000 00572nam a2200217Ia 4500
003 OSt
005 20250717111606.0
008 210210b2012 xxu||||| |||| 00| 0 eng d
020 _a9788190784337
040 _cAL
041 _aeng
082 _a001.4 KUME
100 _aAnil Kumar Ed
_9211506
245 _aEncyclopaedia of research methodology Vol III
_b: Methodology of social research
260 _aNew Delhi
_bAlfa publication.
_c2012
300 _aviii,272p.
440 _aVol 3
_9211507
690 _aResearch
_9211515
906 _a068005
942 _2ddc
_cBK
999 _c152187
_d152187